| 000 | 01085nam a2200325 i 4500 | ||
|---|---|---|---|
| 001 | 34077 | ||
| 003 | BD-RjUL | ||
| 005 | 20211209052113.0 | ||
| 008 | 140514s1978 enka 001 0aeng | ||
| 020 | _a0192117483 : | ||
| 035 | _a(BD-RjUL)34171 | ||
| 040 |
_aDLC _cDLC _dDLC _dBD-RjUL _beng |
||
| 041 | _aeng | ||
| 082 | 0 | 0 |
_a941.08 _bLEA 1978 |
| 100 | 1 |
_aLe Quesne, A. L. _q(A. Laurence) _9103571 |
|
| 245 | 1 | 0 |
_aAfter Kilvert / _cA. L. Le Quesne. |
| 260 |
_aOxford, Eng. ; _aNew York : _bOxford University Press, _c1978. |
||
| 300 |
_aix, 233 p. : _bill. ; _c23 cm. |
||
| 504 | _aIncludes index. | ||
| 600 | 1 | 0 |
_aKilvert, Robert Francis, _d1840-1879. _9103579 |
| 600 | 1 | 0 |
_aKilvert, Robert Francis, _d1840-1879 _xDiaries. _9103580 |
| 600 | 1 | 0 |
_aLe Quesne, A. L. _q(A. Laurence) _9103581 |
| 610 | 2 | 0 |
_aChurch of England _9103582 |
| 650 | 0 |
_aCountry life _zEngland _xHistory _y19th century. _9103576 |
|
| 650 | 0 |
_aClergy _zEngland _xDiaries. _968488 |
|
| 651 | 0 |
_aClyro (Wales) _xDescription and travel. _9103577 |
|
| 942 |
_2ddc _cBK |
||
| 999 |
_c34077 _d34077 |
||